000 01185nam a22002657a 4500
005 20170124103126.0
010 _aB-070820
020 _c200.00
_a8171490255
035 _aB-070820
037 _bCen Lib/Ret
040 _aDPL
_bHN
082 _a808.81
_bभारदा
100 _aभारद्वाज ,अरुण
_983206
245 _aअज्ञेय और इलियट /
_cअरुण भारद्वाज
246 _aAgyey aur iliyat
_bby Arun Bhardwaj
260 _aदिल्ली
_bसाहित्य सहकार प्रकाशन
_c2001
270 _a29/62, बी-गली न.1 , विश्वास नगर
_bदिल्ली
_e110032
300 _a260पृष्ठ.
_c20सेमी(सजिल्द)
500 _aआधार ग्रन्थ सूची शामिल
650 _aहिंदी साहित्य
_983207
650 _aतुलनात्मक अध्ययन -अज्ञेय - इलियट
_983208
650 _aHindi literature
_983209
650 _aComparative study -ajtrey - Elliott
_983210
942 _2ddc
_cHN
_h808.81
_mभारदा
999 _c119070
_d119070